[Event "Guwahati op 3rd"]
[Site "Guwahati"]
[Date "2019.10.09"]
[Round "4"]
[White "Vasquez Schroder, Rodrigo Rafael"]
[Black "Singh, Bhogen RK"]
[Result "1-0"]
[WhiteElo "2465"]
[BlackElo "2001"]
[PlyCount "103"]
[EventDate "2019.10.07"]
[EventType "swiss"]
[EventRounds "10"]
[EventCountry "IND"]
[SourceTitle "CBM 192 Extra"]
[Source "Chessbase"]
[SourceDate "2019.11.06"]
[SourceVersion "1"]
[SourceVersionDate "2019.11.06"]
[SourceQuality "1"]

1. e4 e5 2. Nf3 Nc6 3. Bb5 a6 4. Ba4 Nf6 5. 0-0 Be7 6. Re1 b5 7. Bb3 d6 8. c3 0-0 9. h3 Nb8 10. d4 Bb7 11. Nbd2 Nbd7 12. Nf1 Nc5 13. Bc2 Re8 14. Ng3 g6 15. Bg5 Ncd7 16. Qd2 Bf8 17. b3 Bg7 18. a4 Qe7 19. Bd3 c6 20. b4 Qf8 21. dxe5 Nb6 22. a5 dxe5 23. c4 Nbd7 24. Rac1 Rad8 25. Rcd1 h6 26. Be3 Kh7 27. Qc3 Qe7 28. Bc2 Bf8 29. Rb1 Rb8 30. c5 Qd8 31. Bb3 Qe7 32. Rbd1 Bg7 33. Rd6 Rbc8 34. Red1 Rc7 35. Qd2 Bc8 36. Qa2 Kg8 37. Bd2 Bb7 38. Bc3 Rf8 39. Qb2 Re8 40. Nh4 Kh7 41. Qa2 Rf8 42. Qe2 Bc8 43. Nhf5 gxf5 44. Nxf5 Qe8 45. Qf3 Rg8 46. Nh4 Rf8 47. Bb2 Rh8 48. R1d3 Bf8 49. Qf5+ Kg8 50. Rg3+ Bg7 51. Rxf6 Nxf6 52. Qxf6 1-0